7 смертных грехов на английском - Statistics

General Stats
  • This quiz has been taken 10 times
  • The average score is 4 of 7
Answer Stats
Hint Answer % Correct
Зависть Envy
75%
Похоть Lust
63%
Гордыня Pride
63%
Чревоугодие Gluttony
50%
Жадность Greed
50%
Гнев Wrath
50%
Уныние Sloth
25%
No matching quizzes found
Score Distribution
Percent of People with Each Score
Percentile by Number Answered
Your Score History
You have not taken this quiz